000 00863nam a2200217 a 4500
001 BRCA_643
005 20190320203107.0
008 060616s2006 gaua---##b---#001-0deng-#
020 _a1932543139
040 _aDLC
_cDLC
_dDLC
050 4 _aN2030
_b.K56 2006
245 1 0 _aKings as Collectors
_bPaintings, Sculpture, and Decorative Arts from the Musée du Louvre.
260 _aAtlanta
_bHigh Museum of Art
_c2006
300 _a165 p.
_bil. a color
_c29 cm.
500 _aCatálogo de la exposición realizada en The High Museum of Art (Atlanta), 14 octubre, 2006 - 2 septiembre, 2007 y The Denver Art Museum, 6 octubre, 2007 - 6 enero, 2008
500 _aIncluye índice de artistas
610 2 4 _aMusée du Louvre
_vExposiciones
_92151
650 1 4 _aArte
_vExposiciones
_zFrancia
_92152
651 4 _aFrancia
_vExposiciones
_xReyes y soberanos
_92153
942 _2lcc
_cB
999 _c559
_d559